=LDR 00000nam 2200000 4500 =001 INLIS000000000054839 =005 20200226092549 =035 ##$$a 0010-0220000401 =007 ta =008 200226###########################0#ind## =020 ##$$a 978-979-007-680-8 =082 ##$$a 345 =084 ##$$a 345 Jon p =245 1#$$a Perselisihan Prayudisial : $b Penundaan pemeriksaan perkara pidana terkait perkara perdata /$c John Thamrun =300 ##$$a x, 246 halaman ; $c 23 cm =650 #4$$a Hukum pidana =700 #$$a Editor : Tarmizi =504 ##$$a Bibliografi : halaman 241 - 244 =264 ##$$a Jakarta :$b Sinar grafika,$c 2016 =336 ##$$a teks$2 rdacontent =337 ##$$a lain-lain$2 rdamedia =338 ##$$a lain-lain$2 rdacarrier =990 ##$$a 01300130 =990 ##$$a 01300130